书目信息 |
| 题名: |
采购与仓储管理
|
|
| 作者: | 张玉斌 主编 | |
| 分册: | ||
| 出版信息: | 北京 对外经济贸易大学出版社 2008 |
|
| 页数: | 282页 | |
| 开本: | 23cm | |
| 丛书名: | ||
| 单 册: | ||
| 中图分类: | F274 , F273.4 | |
| 科图分类: | ||
| 主题词: | 采购--企业管理--教材 , 企业管理--仓库管理--教材 , 收购 , 企业管理 , 仓库管理 | |
| 电子资源: | ||
| ISBN: | 978-7-81134-104-1 | |
| 000 | 01167nam0 22003251 450 | |
| 001 | 519 | |
| 005 | 20140909092110.28 | |
| 010 | @a978-7-81134-104-1@dCNY29.00 | |
| 100 | @a20081120d2008 em y0chiy50 ea | |
| 101 | 0 | @achi |
| 102 | @aCN@b110000 | |
| 105 | @aa z 000yy | |
| 106 | @ar | |
| 200 | 1 | @a采购与仓储管理@ACai Gou Yu Cang Chu Guan Li@f张玉斌主编@FZhang Yu Bin Zhu Bian |
| 210 | @a北京@c对外经济贸易大学出版社@d2008 | |
| 215 | @a282页@c图@d23cm | |
| 300 | @a全国商贸类“十一五”规划应用型教材·物流管理专业/高明波主编 | |
| 312 | @a封面英文题名:Stock & storage management | |
| 330 | @a本书系统阐述了采购管理与战略采购,采购管理组织与采购人员,采购申请与采购计划,供应商选择与管理,订货点采购,MRP与ERP采购,JIT采购,电子采购,仓储管理概述,仓库管理系统,仓库商品的保管与风险管理等。 | |
| 510 | 1 | @aStock & storage management@zeng |
| 606 | 0 | @a采购@x企业管理@j教材 |
| 606 | 0 | @a企业管理@x仓库管理@j教材 |
| 606 | 0 | @a收购 |
| 606 | 0 | @a企业管理 |
| 606 | 0 | @a仓库管理 |
| 690 | @aF274@v5 | |
| 690 | @aF273.4@v5 | |
| 701 | 0 | @a张玉斌@AZhang Yu Bin@g(采购)@4主编 |
| 801 | 0 | @aCN@bTANGWEI@c20140603 |
| 905 | @b0836991-93@dF274@e1063@f3 | |
| 采购与仓储管理/张玉斌主编.-北京:对外经济贸易大学出版社,2008 |
| 282页:图;23cm |
| 全国商贸类“十一五”规划应用型教材·物流管理专业/高明波主编 |
| ISBN 978-7-81134-104-1:CNY29.00 |
| 本书系统阐述了采购管理与战略采购,采购管理组织与采购人员,采购申请与采购计划,供应商选择与管理,订货点采购,MRP与ERP采购,JIT采购,电子采购,仓储管理概述,仓库管理系统,仓库商品的保管与风险管理等。 |
| ● |
| 相关链接 |
|
|
|
|
正题名:采购与仓储管理
索取号:F274/1063
 
预约/预借
| 序号 | 登录号 | 条形码 | 馆藏地/架位号 | 状态 | 备注 |
| 1 | 0836991 | 208369914 | 第一样本阅览室/ [索取号:F274/1063] | 在馆 | |
| 2 | 0836992 | 208369923 | 第一借阅区/ [索取号:F274/1063] | 在馆 | |
| 3 | 0836993 | 208369932 | 密集书库-海洋学院/ [索取号:F274/1063] | 在馆 |